[Event "2nd Sharjah Masters 2018"]
[Site "Sharjah UAE"]
[Date "2018.04.15"]
[Round "5.3"]
[White "Eljanov, Pavel"]
[Black "Iturrizaga Bonelli, Eduardo"]
[Result "1/2-1/2"]
[WhiteTitle "GM"]
[BlackTitle "GM"]
[WhiteElo "2700"]
[BlackElo "2624"]
[WhiteFideId "14102951"]
[BlackFideId "3901211"]
[EventDate "2018.04.12"]

1. d4 Nf6 2. c4 e6 3. Nf3 b6 4. g3 Bb7 5. Bg2 Be7 6. O-O O-O 7. Re1 c5 8. d5
exd5 9. Nh4 Ne4 10. cxd5 Bxh4 11. Bxe4 Bf6 12. Nc3 d6 13. Qc2 h6 14. Bf4 Re8 15.
Bg2 Qd7 16. a4 Na6 17. Nb5 Be5 18. Bd2 Nb4 19. Qb3 a5 20. Rab1 Ba6 21. Qc4 Bxb5
22. axb5 Qf5 23. e4 Qf6 24. Re2 a4 25. Bxb4 cxb4 26. Qxb4 Bd4 27. Ra1 Bc5 28.
Qc4 a3 29. Ra2 Rec8 30. Qb3 axb2 1/2-1/2

[Event "2nd Sharjah Masters 2018"]
[Site "Sharjah UAE"]
[Date "2018.04.15"]
[Round "5.4"]
[White "Adhiban, Baskaran"]
[Black "Petrosian, Tigran L."]
[Result "1/2-1/2"]
[WhiteTitle "GM"]
[BlackTitle "GM"]
[WhiteElo "2661"]
[BlackElo "2609"]
[WhiteFideId "5018471"]
[BlackFideId "13301616"]
[EventDate "2018.04.12"]

1. d4 Nf6 2. c4 g6 3. Nc3 d5 4. cxd5 Nxd5 5. e4 Nxc3 6. bxc3 Bg7 7. Bc4 c5 8.
Ne2 O-O 9. O-O Nc6 10. Be3 Qc7 11. Rc1 Rd8 12. h4 Na5 13. Bd3 e5 14. Bg5 Re8 15.
dxe5 c4 16. Bc2 Qxe5 17. Rb1 a6 18. Nd4 Qc5 19. a4 Qa3 20. Qf3 Qc5 21. Bf6 Bg4
22. Qf4 Bxf6 23. Qxf6 Qe5 24. Qg5 Qxg5 25. hxg5 Rac8 26. Rb6 Kg7 27. Rfb1 Rc7
28. Rd6 Bc8 29. f3 Rc5 30. f4 h6 31. gxh6+ Kxh6 32. f5 Kg7 33. fxg6 fxg6 34.
Rbb6 Rg5 35. Nf3 Rg4 36. e5 Nc6 37. Kf2 Rf8 38. Rd5 Rg5 39. Be4 Nxe5 40. Rxe5
Rxe5 41. Rxg6+ Kh8 42. Rh6+ Kg7 43. Rg6+ Kh8 1/2-1/2

[Event "2nd Sharjah Masters 2018"]
[Site "Sharjah UAE"]
[Date "2018.04.15"]
[Round "5.5"]
[White "Kovalev, Vladislav"]
[Black "Grandelius, Nils"]
[Result "1/2-1/2"]
[WhiteTitle "GM"]
[BlackTitle "GM"]
[WhiteElo "2648"]
[BlackElo "2652"]
[WhiteFideId "13504398"]
[BlackFideId "1710400"]
[EventDate "2018.04.12"]

1. e4 c5 2. Nf3 d6 3. Bb5+ Nd7 4. c3 Nf6 5. Qe2 a6 6. Ba4 b5 7. Bc2 Bb7 8. d4 e6
9. O-O Be7 10. Nbd2 O-O 11. e5 Nd5 12. Ne4 Qc7 13. exd6 Bxd6 14. Nxd6 Qxd6 15.
dxc5 Qxc5 16. Rd1 N5f6 17. a4 Rfc8 18. axb5 axb5 19. Rxa8 Bxa8 20. Be3 Qh5 21.
Bd3 Bxf3 22. Qxf3 Qxf3 23. gxf3 Rb8 24. Bf4 e5 25. Be3 Kf8 26. Bf5 Ke8 27. f4
Rb7 28. Kf1 exf4 29. Bxf4 Nb6 30. Be5 Nc4 31. Bxf6 gxf6 32. b3 Ne5 33. Bxh7 Rc7
34. f4 Ng6 35. Bxg6 fxg6 36. Rd3 Kf7 37. Kf2 Ke6 38. Kf3 Rh7 39. Kg3 Rc7 40. Kg4
Rc8 41. h4 Rc5 42. Re3+ Kf7 43. Rh3 Kg7 44. h5 gxh5+ 45. Rxh5 Rxc3 46. Rxb5 Kg6
47. Rb8 Rc1 48. Rg8+ Kf7 49. Rh8 Kg6 50. Rg8+ Kh7 51. Rd8 Kg6 52. f5+ Kh6 53.
Rh8+ Kg7 54. Rh3 Rd1 55. Rf3 Kh6 56. Rh3+ Kg7 57. Rf3 Kh6 58. Rh3+ 1/2-1/2

[Event "2nd Sharjah Masters 2018"]
[Site "Sharjah UAE"]
[Date "2018.04.15"]
[Round "5.6"]
[White "Artemiev, Vladislav"]
[Black "Yakubboev, Nodirbek"]
[Result "1/2-1/2"]
[WhiteTitle "GM"]
[BlackTitle "IM"]
[WhiteElo "2701"]
[BlackElo "2482"]
[WhiteFideId "24101605"]
[BlackFideId "14203987"]
[EventDate "2018.04.12"]

1. c4 e6 2. g3 d5 3. Bg2 Nf6 4. Nf3 Nbd7 5. b3 b6 6. Bb2 Bb7 7. O-O c6 8. d3 Bd6
9. e4 dxe4 10. dxe4 Qc7 11. Qe2 e5 12. Nc3 O-O 13. Rad1 Rfd8 14. Bh3 Nf8 15. Qc2
Bc8 16. Bxc8 Raxc8 17. Rd2 Ne6 18. Na4 Nd7 19. Rfd1 Be7 20. a3 f6 21. b4 Ndf8
22. Nc3 Rxd2 23. Rxd2 Rd8 24. Bc1 Rxd2 25. Bxd2 Qd7 26. Be3 Nd4 27. Bxd4 exd4
28. Na4 c5 29. b5 Ng6 30. Nb2 Qg4 31. Nd2 Ne5 32. f4 Nf7 33. Qd1 Qe6 34. Kg2 Nd6
35. Qf3 g6 36. Qd3 Kg7 37. Nd1 Bd8 38. Nf2 Bc7 39. h4 h5 40. Kg1 Nf7 41. Qf3 Nh6
42. Kg2 Bd6 43. a4 Bc7 44. Kf1 Bd6 45. Ke2 Nf5 46. Nd1 Nh6 47. Nf2 Nf5 48. Kd3
Ne3 49. Nd1 Nxd1 50. Qxd1 Qh3 51. Qf3 Qh2 52. Kc2 Be7 53. Kd1 Kh6 54. e5 Qh3 55.
Qa8 Kg7 56. Qxa7 Qe6 57. a5 fxe5 58. axb6 exf4 59. b7 d3 60. b8=Q Qe2+ 61. Kc1
Qe1+ 62. Kb2 Qxd2+ 63. Kb3 Qc2+ 64. Ka3 Qc3+ 65. Ka2 1/2-1/2

[Event "2nd Sharjah Masters 2018"]
[Site "Sharjah UAE"]
[Date "2018.04.15"]
[Round "5.8"]
[White "Inarkiev, Ernesto"]
[Black "Darini, Pouria"]
[Result "1-0"]
[WhiteTitle "GM"]
[BlackTitle "GM"]
[WhiteElo "2680"]
[BlackElo "2478"]
[WhiteFideId "4162722"]
[BlackFideId "12502200"]
[EventDate "2018.04.12"]

1. e4 c5 2. Nf3 d6 3. d4 cxd4 4. Nxd4 Nf6 5. Nc3 a6 6. f3 e5 7. Nb3 Be6 8. Be3
h5 9. Qd2 Nbd7 10. O-O-O Be7 11. Kb1 b5 12. a3 Qc7 13. Bg5 Rb8 14. Na2 Rc8 15.
h4 O-O 16. Nb4 Nc5 17. Bxf6 Bxf6 18. Nd5 Nxb3 19. cxb3 Bxd5 20. exd5 Qc5 21. Bd3
Qd4 22. g3 e4 23. Bxe4 Qxd2 24. Rxd2 b4 25. a4 Rc5 26. Bd3 a5 27. Bb5 Rc7 28.
Re1 Rfc8 29. Rde2 g6 30. Bc6 Kf8 31. Re8+ Kg7 32. Kc2 Be5 33. R8xe5 dxe5 34. Kd3
Kf6 35. Kc4 Rxc6+ 36. dxc6 Rxc6+ 37. Kb5 Rd6 38. Kxa5 Rd3 39. Kxb4 Rxf3 40. a5 1-0

[Event "2nd Sharjah Masters 2018"]
[Site "Sharjah UAE"]
[Date "2018.04.15"]
[Round "5.9"]
[White "Vignesh, N R"]
[Black "Kravtsiv, Martyn"]
[Result "1-0"]
[WhiteTitle "IM"]
[BlackTitle "GM"]
[WhiteElo "2475"]
[BlackElo "2680"]
[WhiteFideId "25012215"]
[BlackFideId "14113147"]
[EventDate "2018.04.12"]

1. e4 e6 2. d4 d5 3. Nd2 Nf6 4. e5 Nfd7 5. Bd3 c5 6. c3 Nc6 7. Ngf3 g6 8. O-O
Bg7 9. Re1 O-O 10. Nf1 cxd4 11. cxd4 Qb6 12. Bc2 f6 13. exf6 Nxf6 14. Rb1 Bd7
15. a3 Rac8 16. h3 Nh5 17. Be3 Na5 18. Ng5 Nf6 19. b3 Nc6 20. Ng3 Ne7 21. Nf3
Nf5 22. Bf4 Nxg3 23. Bxg3 Nh5 24. Ne5 Be8 25. Bh2 Qa5 26. Ra1 Bh6 27. Ng4 Bf4
28. Bd3 Qb6 29. Bf1 Rc3 30. Bxf4 Rxf4 31. Rc1 Rxc1 32. Qxc1 Kg7 33. b4 Bf7 34.
Rd1 Bg8 35. Qc3 Qd6 36. Qe3 Rf8 37. Qh6+ Kh8 38. Ne5 Rf6 39. Rc1 Qd8 40. Rc3 Ng7
41. g4 Bf7 42. Qc1 Ne8 43. Rc8 Qe7 44. Bb5 Kg7 45. Bxe8 1-0

[Event "2nd Sharjah Masters 2018"]
[Site "Sharjah UAE"]
[Date "2018.04.15"]
[Round "5.10"]
[White "Jones, Gawain C B"]
[Black "Chakravarthi Reddy, M"]
[Result "1-0"]
[WhiteTitle "GM"]
[BlackTitle "IM"]
[WhiteElo "2675"]
[BlackElo "2442"]
[WhiteFideId "409561"]
[BlackFideId "25009532"]
[EventDate "2018.04.12"]

1. e4 e6 2. d4 d5 3. Nd2 Nc6 4. Ngf3 Nf6 5. e5 Nd7 6. Nb3 a5 7. a4 Be7 8. Bf4 b6
9. Bb5 Na7 10. Be2 c5 11. c3 O-O 12. O-O Nc6 13. Re1 Ba6 14. Bxa6 Rxa6 15. Re3
Ra8 16. Qe2 Qc8 17. Ng5 Bxg5 18. Bxg5 cxd4 19. cxd4 f6 20. exf6 Nxf6 21. Rc1 Qd7
22. Bxf6 Rxf6 23. Qb5 1-0

[Event "2nd Sharjah Masters 2018"]
[Site "Sharjah UAE"]
[Date "2018.04.15"]
[Round "5.11"]
[White "Dimakiling, Oliver"]
[Black "Rakhmanov, Aleksandr"]
[Result "1-0"]
[WhiteTitle "IM"]
[BlackTitle "GM"]
[WhiteElo "2412"]
[BlackElo "2652"]
[WhiteFideId "5202248"]
[BlackFideId "4173708"]
[EventDate "2018.04.12"]

1. d4 Nf6 2. Nf3 c5 3. c3 g6 4. g3 b6 5. Bg2 Bb7 6. O-O Bg7 7. a4 O-O 8. Na3 d6
9. b4 Nbd7 10. Qb3 Rc8 11. bxc5 dxc5 12. e3 Qc7 13. Bb2 cxd4 14. cxd4 Bd5 15.
Qd1 Qb7 16. Qe2 Ne4 17. Rfc1 h6 18. Ne1 Ng5 19. f3 f5 20. Nc4 Rc6 21. Nd2 Rfc8
22. Rxc6 Bxc6 23. Bf1 Kh7 24. h4 Nf7 25. Bh3 Qb8 26. Nf1 Nf6 27. a5 e5 28. axb6
axb6 29. dxe5 Nxe5 30. Bd4 Re8 31. Rb1 b5 32. Qc2 Qd6 33. Kf2 Nc4 34. Rd1 Qe7
35. Ng2 Nd5 36. h5 Bxd4 37. hxg6+ Kg7 38. Rxd4 Ra8 39. Bxf5 Ra3 40. Be4 Qa7 41.
Rxc4 bxc4 42. Qxc4 Qb7 43. Qd4+ Nf6 44. Bxc6 Qxc6 45. Nf4 Ra2+ 46. Nd2 Ra5 47.
g4 Ra6 48. Ne4 Kf8 49. Qb4+ Kg8 50. Qb3+ Kh8 51. Qf7 Qc2+ 52. Kg3 1-0

[Event "2nd Sharjah Masters 2018"]
[Site "Sharjah UAE"]
[Date "2018.04.15"]
[Round "5.12"]
[White "Tabatabaei, M.amin"]
[Black "Arjun, Kalyan"]
[Result "1-0"]
[WhiteTitle "IM"]
[WhiteElo "2605"]
[BlackElo "2397"]
[WhiteFideId "12521213"]
[BlackFideId "35018701"]
[EventDate "2018.04.12"]

1. d4 Nf6 2. c4 g6 3. f3 Bg7 4. e4 d6 5. Ne2 O-O 6. Be3 c5 7. d5 e6 8. Nec3 exd5
9. cxd5 a6 10. a4 Nbd7 11. Na3 Ne8 12. Be2 f5 13. exf5 gxf5 14. Qd2 Ne5 15. O-O
Qf6 16. Nc4 f4 17. Bf2 Qg6 18. Kh1 Nxc4 19. Bxc4 Qh5 20. Rfe1 Be5 21. Bxc5 dxc5
22. d6+ Kg7 23. Qd5 Rf5 24. d7 Nf6 25. d8=Q Nxd5 26. Nxd5 Qg5 27. Qe8 Bd6 28.
Nb6 Rf8 29. Qe4 Rb8 30. Rad1 Bf5 31. Qd5 Rfd8 32. Qf7+ Kh8 33. Rxd6 Rxd6 34.
Re8+ Rxe8 35. Qxe8+ Kg7 36. Qf7+ Kh6 37. Qf8+ 1-0

[Event "2nd Sharjah Masters 2018"]
[Site "Sharjah UAE"]
[Date "2018.04.15"]
[Round "5.14"]
[White "Abdusattorov, Nodirbek"]
[Black "Poormosavi, Seyed Kian"]
[Result "1-0"]
[WhiteTitle "IM"]
[WhiteElo "2540"]
[BlackElo "2218"]
[WhiteFideId "14204118"]
[BlackFideId "12585807"]
[EventDate "2018.04.12"]

1. d4 Nf6 2. c4 e6 3. g3 d5 4. Nf3 Be7 5. Bg2 O-O 6. O-O b6 7. cxd5 exd5 8. Nc3
Bb7 9. Ne5 Nbd7 10. Qa4 Nxe5 11. dxe5 Nd7 12. Nxd5 Nc5 13. Qc4 Bxd5 14. Qxd5
Qxd5 15. Bxd5 Rad8 16. Bc4 Ne4 17. Be3 Nd2 18. Rfc1 Nxc4 19. Rxc4 c5 20. Ra4 a5
21. Ra3 Rd5 22. Rb3 Rb8 23. a4 g5 24. f4 gxf4 25. gxf4 f5 26. Kf2 Kf7 27. Kf3
Rd7 28. Rb5 Ke6 29. Rg1 Kf7 30. Rc1 Rdb7 31. Rd1 Ke6 32. Bf2 Rd7 33. Rxd7 Kxd7
34. e4 Ke6 35. Be1 Bd8 36. Bxa5 Ra8 37. Bxb6 fxe4+ 38. Ke3 Kf5 39. a5 Rb8 40. e6
Kxe6 41. Kxe4 Bc7 42. Rxc5 Bd6 43. Rh5 Rf8 44. f5+ Kd7 45. Kd5 Be7 46. a6 1-0

[Event "2nd Sharjah Masters 2018"]
[Site "Sharjah UAE"]
[Date "2018.04.15"]
[Round "5.15"]
[White "Soumya, Swaminathan"]
[Black "Puranik, Abhimanyu"]
[Result "1-0"]
[WhiteTitle "WGM"]
[BlackTitle "GM"]
[WhiteElo "2354"]
[BlackElo "2520"]
[WhiteFideId "5016193"]
[BlackFideId "5061245"]
[EventDate "2018.04.12"]

1. e4 e5 2. Nf3 Nc6 3. Bb5 a6 4. Ba4 Nf6 5. O-O Be7 6. d3 d6 7. c3 O-O 8. Re1
Nd7 9. d4 Bf6 10. Be3 b5 11. Bc2 Bb7 12. a3 Nb6 13. Nbd2 Re8 14. d5 Nb8 15. Qe2
c6 16. dxc6 Nxc6 17. Rad1 Qc7 18. Nf1 Nc4 19. Bc1 Ne7 20. a4 Red8 21. Ng3 g6 22.
Bd3 Rac8 23. axb5 axb5 24. h4 d5 25. h5 dxe4 26. Bxe4 Nd5 27. Bxd5 Rxd5 28. Rxd5
Bxd5 29. b3 Nd6 30. Ba3 Bh8 31. Nxe5 Re8 32. Qd2 Bxe5 33. Qxd5 Bxg3 34. Rxe8+
Nxe8 35. fxg3 Qxc3 36. Qxb5 Qe3+ 37. Kh2 gxh5 38. Qb4 Kg7 39. Qf8+ Kf6 40. Bb2+
Kg6 41. Qg8+ Kf5 42. Qxf7+ Kg5 43. Ba3 h4 44. Be7+ Kg4 45. Bxh4 Qe4 46. Qg8+ Qg6
47. Qd5 1-0

[Event "2nd Sharjah Masters 2018"]
[Site "Sharjah UAE"]
[Date "2018.04.15"]
[Round "5.16"]
[White "Hejazipour, Mitra"]
[Black "Vishnu Prasanna, V"]
[Result "1/2-1/2"]
[WhiteTitle "WGM"]
[BlackTitle "GM"]
[WhiteElo "2304"]
[BlackElo "2510"]
[WhiteFideId "12505951"]
[BlackFideId "5030692"]
[EventDate "2018.04.12"]

1. d4 Nf6 2. c4 g6 3. Nf3 Bg7 4. g3 O-O 5. Bg2 d6 6. Nc3 c6 7. O-O Na6 8. h3 Re8
9. e4 e5 10. d5 Nc5 11. Qc2 cxd5 12. cxd5 a5 13. Re1 Bd7 14. a4 Rc8 15. Qd1 Qb6
16. Bf1 Qb4 17. Nd2 Bh6 18. Ra3 Kg7 19. Kg2 Re7 20. f3 Be8 21. Na2 Qd4 22. b3
Nxa4 23. Nc4 Bxc1 24. Qxd4 exd4 25. Rxc1 Rec7 26. Nxd6 Rc2+ 27. Rxc2 Rxc2+ 28.
Kg1 Nc3 29. Nxc3 dxc3 30. e5 Nxd5 31. Nxe8+ Kf8 32. Nf6 Ne3 33. Rxa5 Rd2 34.
Ra8+ Kg7 35. Rg8+ Kh6 36. Ng4+ Nxg4 37. hxg4 c2 38. Rc8 Kg5 39. b4 b6 40. b5 h5
41. gxh5 Kxh5 42. Rc4 Kg5 43. Rc6 Kh5 44. Rc8 Kg5 45. Rc3 Kh6 46. Rc7 Kg5 47.
Rc4 Kh6 48. Rc8 Kg5 49. Rc6 Kh5 50. f4 Kg4 51. Rc3 Kh5 52. Rc8 Kg4 53. Rc3 Kh5
54. Rc8 Kg4 55. Rc3 1/2-1/2

[Event "2nd Sharjah Masters 2018"]
[Site "Sharjah UAE"]
[Date "2018.04.15"]
[Round "5.17"]
[White "Viani, Antonio Dcunha"]
[Black "Kryvoruchko, Yuriy"]
[Result "0-1"]
[WhiteTitle "IM"]
[BlackTitle "GM"]
[WhiteElo "2435"]
[BlackElo "2703"]
[WhiteFideId "5027330"]
[BlackFideId "14109182"]
[EventDate "2018.04.12"]

1. e4 c5 2. Nf3 d6 3. Bb5+ Nd7 4. d4 cxd4 5. Qxd4 a6 6. Bxd7+ Bxd7 7. c4 Nf6 8.
Nc3 g6 9. O-O Bg7 10. b3 O-O 11. Bb2 b5 12. cxb5 axb5 13. Rfe1 Qb8 14. h3 Rd8
15. e5 dxe5 16. Qxe5 Qxe5 17. Nxe5 b4 18. Ne2 Nd5 19. Nd4 Nf4 20. Ndf3 Bf5 21.
a3 Nd3 22. Nxd3 Rxd3 23. Bxg7 Kxg7 24. axb4 Rxa1 25. Rxa1 Rxb3 26. Ra7 Kf6 27.
Rb7 Rd3 28. Rb6+ e6 29. Kh2 Be4 30. Ng1 Rd2 31. Kg3 g5 32. f3 Bd5 33. h4 gxh4+
34. Kh2 Bc4 35. Rb8 Kg7 36. Nh3 Bf1 37. Nf4 h3 38. Kxh3 e5 39. Nh5+ Kh6 40. Kh4
Rxg2 41. Rb6+ Rg6 42. Rf6 Rxf6 43. Nxf6 Kg6 44. Ne4 f5 45. Nc3 f4 46. Ne4 Be2
47. Nd2 Kf5 48. Kh3 Ke6 49. Ne4 h6 50. Kg2 Bb5 51. Kh3 Bc6 52. Nd2 Kd5 53. Kg4
Kd4 54. Kf5 h5 55. Nb3+ Ke3 56. Kxe5 h4 57. Nd2 Bb5 58. Ne4 h3 59. Nf6 Kxf3 60.
Kd4 0-1

[Event "2nd Sharjah Masters 2018"]
[Site "Sharjah UAE"]
[Date "2018.04.15"]
[Round "5.18"]
[White "Amin, Bassem"]
[Black "Sindarov, Javokhir"]
[Result "1-0"]
[WhiteTitle "GM"]
[BlackTitle "IM"]
[WhiteElo "2700"]
[BlackElo "2431"]
[WhiteFideId "10601457"]
[BlackFideId "14205483"]
[EventDate "2018.04.12"]

1. Nf3 c5 2. e4 e6 3. d3 Nc6 4. g3 d5 5. Nbd2 Nf6 6. Bg2 Bd6 7. O-O O-O 8. Re1
Bc7 9. c3 b5 10. e5 Nd7 11. d4 b4 12. Nb3 cxd4 13. cxd4 a5 14. Bg5 Qe8 15. Rc1
Bb7 16. Bf1 a4 17. Na1 a3 18. bxa3 Nb6 19. axb4 Nc4 20. b5 Nb4 21. a4 Na2 22.
Bxc4 dxc4 23. Rxc4 Ba5 24. Bd2 Bd5 25. Rc5 Bxf3 26. Qxf3 Bxd2 27. Re2 Nc3 28.
Rxd2 Nxa4 29. Rc6 Qb8 30. Qb3 Ra5 31. Ra2 Qa8 32. Ra6 Rxa6 33. bxa6 Rb8 34. Rxa4
Rxb3 35. Nxb3 h5 36. a7 Kf8 37. Nd2 h4 38. Nc4 h3 39. d5 1-0

[Event "2nd Sharjah Masters 2018"]
[Site "Sharjah UAE"]
[Date "2018.04.15"]
[Round "5.19"]
[White "Tahbaz, Arash"]
[Black "Mareco, Sandro"]
[Result "0-1"]
[WhiteTitle "IM"]
[BlackTitle "GM"]
[WhiteElo "2434"]
[BlackElo "2645"]
[WhiteFideId "12528846"]
[BlackFideId "112275"]
[EventDate "2018.04.12"]

1. e4 c6 2. d4 d5 3. Nd2 dxe4 4. Nxe4 Nf6 5. Nxf6+ exf6 6. c3 Bd6 7. Bd3 O-O 8.
Qc2 Re8+ 9. Ne2 h5 10. Be3 Nd7 11. O-O-O Nf8 12. c4 Be6 13. Kb1 Rc8 14. Qd2 a5
15. c5 Bc7 16. Nc3 b5 17. d5 Bxd5 18. Qe2 Bf4 19. Bxb5 Bxe3 20. Bxc6 Rxc6 21.
Rxd5 Qc8 22. fxe3 Rxc5 23. Rhd1 h4 24. e4 Rxd5 25. Rxd5 Qc7 26. h3 Rb8 27. Qd2
Ng6 28. Rd7 Qh2 29. a4 Ne5 30. Rd4 Qg1+ 31. Nd1 Qf1 32. Qxa5 Nc6 33. Qc7 Nxd4
34. Qxb8+ Kh7 35. Qb4 Qxd1+ 36. Ka2 Qd3 37. a5 Nc6 38. Qa4 Qd6 39. Qb5 Qe6+ 40.
Ka3 Qxe4 41. a6 Qxg2 42. b3 g6 43. Qb7 Qd5 44. b4 Qc4 45. a7 Nd4 0-1

[Event "2nd Sharjah Masters 2018"]
[Site "Sharjah UAE"]
[Date "2018.04.15"]
[Round "5.20"]
[White "Ashwath, R."]
[Black "Adly, Ahmed"]
[Result "1/2-1/2"]
[BlackTitle "GM"]
[WhiteElo "2250"]
[BlackElo "2626"]
[WhiteFideId "5021049"]
[BlackFideId "10601619"]
[EventDate "2018.04.12"]

1. d4 Nf6 2. c4 g6 3. Nc3 Bg7 4. e4 O-O 5. Nf3 d6 6. Be2 b6 7. d5 c6 8. O-O Bb7
9. Be3 Nbd7 10. Nd4 c5 11. Nc2 Qc7 12. Qd2 Rae8 13. Rad1 Kh8 14. Rfe1 Ng8 15. a4
Bc8 16. Nb5 Qb8 17. Nc3 Ne5 18. h3 f5 19. f4 Nf7 20. exf5 gxf5 21. Bf3 a5 22.
Bf2 Bh6 23. Bh4 Ne5 24. Bh5 Nxc4 25. Qe2 Nxb2 26. Rb1 Bg7 27. Bxe8 Rxe8 28. Qb5
Bb7 29. Rxb2 Bxc3 30. Qxb6 Bb4 1/2-1/2

[Event "2nd Sharjah Masters 2018"]
[Site "Sharjah UAE"]
[Date "2018.04.15"]
[Round "5.21"]
[White "Jumabayev, Rinat"]
[Black "Rajdeep, Sarkar"]
[Result "1-0"]
[WhiteTitle "GM"]
[BlackTitle "FM"]
[WhiteElo "2612"]
[BlackElo "2393"]
[WhiteFideId "13702661"]
[BlackFideId "25007963"]
[EventDate "2018.04.12"]

1. e4 e5 2. Nf3 Nc6 3. Bc4 Nf6 4. d3 Be7 5. O-O O-O 6. Re1 d6 7. a4 Be6 8. a5 a6
9. Nbd2 Qd7 10. b3 h6 11. Bb2 Nh7 12. Bd5 Bxd5 13. exd5 Nb4 14. d4 f6 15. Nf1 e4
16. Rxe4 Nxd5 17. Re1 f5 18. c4 Nf4 19. Qc2 Ng5 20. N1d2 Nxf3+ 21. Nxf3 Bf6 22.
Re3 c6 23. Rae1 Rf7 24. d5 Ng6 25. Bxf6 Rxf6 26. Nd4 f4 27. Re6 Raf8 28. Nf3 c5
29. h3 R8f7 30. Qd3 Qc7 31. Qd2 b6 32. axb6 Qxb6 33. Qd3 a5 34. h4 Qb4 35. Ra1
Rxe6 36. dxe6 Rf6 37. h5 Ne7 38. Qxd6 Qc3 39. Re1 Nf5 40. Qd8+ Kh7 41. e7 Nxe7
42. Qxe7 Qxb3 43. Qe4+ Kg8 44. Rb1 1-0

[Event "2nd Sharjah Masters 2018"]
[Site "Sharjah UAE"]
[Date "2018.04.15"]
[Round "5.22"]
[White "Narayanan, S.L."]
[Black "Sidhant, Mohapatra"]
[Result "1-0"]
[WhiteTitle "GM"]
[BlackTitle "IM"]
[WhiteElo "2568"]
[BlackElo "2382"]
[WhiteFideId "5058422"]
[BlackFideId "5028698"]
[EventDate "2018.04.12"]

1. e4 e5 2. Nf3 Nc6 3. Bb5 a6 4. Ba4 Nf6 5. O-O Be7 6. Re1 b5 7. Bb3 d6 8. c3
O-O 9. h3 Nb8 10. d4 Nbd7 11. c4 Bb7 12. Nc3 c6 13. a3 Re8 14. Ba2 exd4 15. Nxd4
g6 16. Bf4 Ne5 17. cxb5 cxb5 18. Bxe5 dxe5 19. Bxf7+ Kxf7 20. Qb3+ Nd5 21. Nf3
Kg7 22. exd5 Bf6 23. Rad1 Rc8 24. Ne4 Rc4 25. Qe3 h6 26. Qa7 Re7 27. Nxf6 Kxf6
28. Nxe5 Bxd5 29. Rxd5 1-0

[Event "2nd Sharjah Masters 2018"]
[Site "Sharjah UAE"]
[Date "2018.04.15"]
[Round "5.23"]
[White "Priyanka, Nutakki"]
[Black "Petrosyan, Manuel"]
[Result "0-1"]
[BlackTitle "GM"]
[WhiteElo "1957"]
[BlackElo "2560"]
[WhiteFideId "25049615"]
[BlackFideId "13300857"]
[EventDate "2018.04.12"]

1. e4 e5 2. Nf3 Nc6 3. Bc4 Bc5 4. c3 Nf6 5. d3 d6 6. O-O h6 7. a4 a5 8. Re1 O-O
9. h3 Be6 10. Nbd2 Ba7 11. Bb5 Ne7 12. d4 c6 13. Bd3 Ng6 14. Nf1 Nh5 15. Bc2
Nhf4 16. Bxf4 Nxf4 17. dxe5 Qb6 18. Qd2 dxe5 19. Nxe5 Ng6 20. Nd3 Rad8 21. Qe3
Qa6 22. Qg3 Bc4 23. Rad1 b5 24. b3 Be6 25. Ne3 Rfe8 26. Nf5 bxa4 27. bxa4 Bb8
28. Qf3 Qc4 29. Rc1 Qxc3 30. Bb1 Qa3 31. Ne5 Qxf3 32. Nxf3 Ne5 33. N5d4 Nxf3+
34. Nxf3 Bd6 35. Nd4 Bh2+ 36. Kxh2 Rxd4 37. Rxc6 Rxa4 38. Rec1 g5 39. Bd3 Rd4
40. R1c3 a4 41. Ra6 Rxd3 42. Rxd3 Bc4 43. Rdd6 Bxa6 44. Rxa6 Rxe4 45. f3 Rf4 46.
g3 Rb4 47. Rxh6 Rb2+ 48. Kg1 a3 49. Ra6 a2 0-1

[Event "2nd Sharjah Masters 2018"]
[Site "Sharjah UAE"]
[Date "2018.04.15"]
[Round "5.24"]
[White "Haddouche, Mohamed"]
[Black "Bharath, Subramaniyam H"]
[Result "1/2-1/2"]
[WhiteTitle "GM"]
[BlackTitle "CM"]
[WhiteElo "2506"]
[BlackElo "1997"]
[WhiteFideId "7900660"]
[BlackFideId "46634827"]
[EventDate "2018.04.12"]

1. e4 c5 2. Nf3 e6 3. d4 cxd4 4. Nxd4 a6 5. Bd3 Nf6 6. Qe2 d6 7. O-O Qc7 8. c4
Be7 9. Nc3 O-O 10. f4 Nbd7 11. Kh1 Re8 12. Bd2 b6 13. Rae1 Bb7 14. Bc1 Rad8 15.
Qf3 g6 16. Qh3 Bf8 17. Nf3 Bg7 18. Ng5 Nf8 19. Bd2 Bc6 20. a4 Qd7 21. Nf3 Nh5
22. Qh4 f5 23. b3 Nf6 24. Qf2 Qb7 25. Qe2 N8d7 26. Bc2 Nc5 27. e5 dxe5 28. fxe5
Nfe4 29. Nxe4 Bxe4 30. Bg5 Rd7 31. Rd1 Bxc2 32. Qxc2 Ne4 33. Rxd7 Qxd7 34. Be3
Qc7 35. Rd1 Rd8 36. Rxd8+ Qxd8 37. b4 Qc7 38. c5 bxc5 39. bxc5 Bf8 40. Qc4 Bxc5
41. Qxe6+ Kg7 42. Qc4 Bb6 43. Qb3 Bxe3 44. Qxe3 Qc5 45. Qd4 Qxd4 46. Nxd4 Nc5
47. a5 Nb7 48. Ne6+ Kf7 49. Nc7 Nxa5 50. Nxa6 Ke6 51. Kg1 Kxe5 52. Nb4 Nc4 53.
Kf2 Ke4 54. Nc2 f4 55. Ne1 Ne5 56. h3 g5 57. Nc2 Nd3+ 58. Ke2 h5 59. Na1 Nc5 60.
Nc2 Na4 61. Ne1 Nc3+ 62. Kd2 g4 63. hxg4 hxg4 64. Kxc3 Ke3 65. Kc2 f3 66. Nxf3
gxf3 67. gxf3 Kxf3 1/2-1/2

[Event "2nd Sharjah Masters 2018"]
[Site "Sharjah UAE"]
[Date "2018.04.15"]
[Round "5.25"]
[White "Assaubayeva, Bibisara"]
[Black "Gagare, Shardul"]
[Result "0-1"]
[WhiteTitle "FM"]
[BlackTitle "GM"]
[WhiteElo "2359"]
[BlackElo "2502"]
[WhiteFideId "13708694"]
[BlackFideId "5037883"]
[EventDate "2018.04.12"]

1. d4 Nf6 2. c4 e6 3. Nf3 d5 4. Nc3 Be7 5. Bg5 h6 6. Bh4 O-O 7. e3 b6 8. g4 c5
9. Rg1 Nc6 10. dxc5 Ne4 11. Bxe7 Qxe7 12. g5 Nxc3 13. bxc3 h5 14. cxd5 exd5 15.
Qxd5 Rd8 16. Qxc6 Bb7 17. Qb5 Bxf3 18. Be2 Be4 19. Kf1 bxc5 20. f3 Bc2 21. Kf2
Rd2 22. Qc4 Bd3 23. Qxd3 Rxd3 24. Bxd3 Qd6 25. Rad1 Qxh2+ 26. Rg2 Qe5 27. g6
Qxc3 28. gxf7+ Kxf7 29. Be4 Rb8 30. Rg5 Rb2+ 31. Kg3 Qxe3 32. Rd7+ Ke6 33. Rgxg7
Qe1+ 34. Kf4 Qc1+ 35. Kg3 h4+ 36. Kh3 Qh1+ 37. Kg4 Rg2+ 38. Kh5 Rxg7 39. Rxg7 h3
40. Rg6+ Ke7 41. Rg7+ Kf8 42. Rxa7 Qg2 43. Ra8+ Ke7 44. Ra7+ Kd8 45. Ra8+ Kc7
46. Ra7+ Kb6 47. Rb7+ Ka6 48. Rb1 h2 49. Bb7+ Ka7 50. f4 Qxb7 0-1